00803nam a2200241 a 450000100060000000300090000600800410001502000150005604000280007108200180009910000320011724500940014925000060024326000290024930000110027865000190028965000230030865000240033165000240035594200120037999900170039195201530040815246CO-ViMGA141112s2004 ck r 000 u spa d a9687593008 aCO-ViMGAbspacCO-ViMGA04a616.692 P373i1 aPerez Peña, Efrain92213010aInfertilidad, Esterilidad y endocrinología de la reproducción : bUn enfoque integral a2 aMexico, cSalvat, c1997 a692.p.14aENDOCRINOLOGIA14aESTERILIDAD92213114aINFERTILIDAD92213214aREPRODUCCION922133 2ddccBK c25612d25612 00102ddc40708002aMEVIECARbMEVIECARd2015-12-04hVolumen. 1 | 11/jun/2009l0o616.692 P373i p15246r2015-12-04 00:00:00tEj. 1w2015-12-04yBK